| 000 | 00675 a2200193 4500 | ||
|---|---|---|---|
| 001 | 25194 | ||
| 005 | 20260407155535.0 | ||
| 008 | 260407a1975 arg spa d | ||
| 003 | AR-UNSa-BCEJYS | ||
| 040 |
_aAR-UNSa-BCEJYS _bspa _cAR-UNSa-BCEJYS |
||
| 080 |
_a519.2 _xProbabilidades y estadística matemática |
||
| 245 | 1 | 0 |
_aEstadística aplicada a la mercadotecnia _p(teoría y casos prácticos) |
| 264 | 1 |
_aMéxico : _bDiana _c1975 |
|
| 300 |
_a298 p. _c23 cm. |
||
| 505 | _a1. Estadistica descriptiva - 2. Probabilidad - 3. Inferencia estadistica - 4. Test de significación. | ||
| 942 | _cBK | ||
| 590 | _aniveau_biblio:m niveau_hierar:0 | ||
| 100 | 1 | _aProaño, Humberto | |
| 999 |
_c1305 _d1305 |
||